Fußballverein bei Hinweis #3 - Statistiken

Allgemein
  • Dieses Quiz wurde 347 mal gespielt
  • Das Durchschnittsergebnis liegt bei 17 aus 20
Antwortstatistiken
Hinweis Verein % Korrekt
schwarz-gelb, Westfalenstadion Borussia Dortmund
98%
Camp Nou FC Barcelona
98%
Mia san mia, Uli Hoeneß FC Bayern München
98%
You‘ll never walk alone, Klopp FC Liverpool
97%
Mbappe Paris Saint-Germain
97%
Alte Dame, Italien Juventus Turin
95%
Red Bull RB Leipzig/RB Salzburg
95%
Königlichen Real Madrid
95%
Red Devils, Alex Ferguson Manchester United
94%
Skyblues, Haaland Manchester City
93%
Spurs Tottenham Hotspur
93%
Gunners FC Arsenal
91%
Orange Vélodrome Olympique Marseille
88%
Maradona, Partenopei SSC Neapel
83%
Diego Simeone Atletico Madrid
81%
Estadio do Dragao, Pepe FC Porto
81%
Ibrox Stadium, Schottland Glasgow Rangers
81%
Rossoneri AC Mailand
73%
Rotterdam Feyenoord Rotterdam
62%
Rams Park Galatasaray Istanbul
24%
Keine übereinstimmenden Quizze gefunden
Verteilung der Resultate
Anzahl Personen mit jedem Resultat
Perzentil nach korrekt beantworteten Fragen
Ihre Resultats-Entwicklung
Sie haben dieses Quiz noch nicht gespielt